000 004600000a22001810004500
003 MACL
005 20160101125251.0
008 160101b xxu||||| |||| 00| 0 eng d
040 _aMACL
_cMACL
041 _aEnglish
082 _a342.54/SEE
100 _aSeervai, H M
_926289
245 _aConstitutional Law of India
260 _bN M Tripathi Pvt Ltd
_c1968
_aBombay
350 _a65
650 _aConstitutional Law
_921255
942 _cBK
_k342.54/SEE
_2ddc
999 _c35702
_d35702